COMPANY LAW (Record no. 10927)

MARC details
000 -LEADER
fixed length control field 00330nam a22001577a 4500
003 - CONTROL NUMBER IDENTIFIER
control field SGT
020 ## - INTERNATIONAL STANDARD BOOK NUMBER
International Standard Book Number 9789351437772
082 ## - DEWEY DECIMAL CLASSIFICATION NUMBER
Classification number 346.066,SAH
100 ## - MAIN ENTRY--PERSONAL NAME
Personal name SAHARA Y ,H.K.
245 ## - TITLE STATEMENT
Title COMPANY LAW
250 ## - EDITION STATEMENT
Edition statement 7TH
260 ## - PUBLICATION, DISTRIBUTION, ETC. (IMPRINT)
Place of publication, distribution, etc NEW DELHI
Name of publisher, distributor, etc UNIVERSAL LAW
Year of Publication 2016
300 ## - PAGE DESCRIPTION
No. of Pages 558
650 ## - SUBJECT ADDED ENTRY--TOPICAL TERM
Topical term or geographic name as entry element COMPANY LAW
942 ## - ADDED ENTRY ELEMENTS (KOHA)
Source of classification or shelving scheme Dewey Decimal Classification
Koha item type Books
942 ## - ADDED ENTRY ELEMENTS (KOHA)
-- 7
Holdings
Withdrawn status Lost status Source of classification or shelving scheme Damaged status Not for loan Collection code Home library Current library Shelving location Date acquired Vendor Name Cost, normal purchase price SGTU Bill Number Full call number Accession No. (Barcode) Date last seen Bill Date Koha item type Total Checkouts Total Renewals Date last borrowed
    Dewey Decimal Classification   Not For Loan LAW SGT Science & Social Sciences Library SGT Science & Social Sciences Library Reference Book 13/02/2017 COMMERCIAL BOOK HOUSE 595.00 SGTU 45 346.066 FL1252 13/02/2017 20/04/2016 Books      
    Dewey Decimal Classification     LAW SGT Science & Social Sciences Library SGT Science & Social Sciences Library Text Book 13/02/2017 COMMERCIAL BOOK HOUSE 595.00 SGTU 45 346.066 FL1253 13/06/2023 20/04/2016 Books 12 6 08/06/2023
    Dewey Decimal Classification     LAW SGT Science & Social Sciences Library SGT Science & Social Sciences Library Text Book 13/02/2017 COMMERCIAL BOOK HOUSE 595.00 SGTU 45 346.066 FL1254 13/06/2023 20/04/2016 Books 3   31/05/2023
    Dewey Decimal Classification     LAW SGT Science & Social Sciences Library SGT Science & Social Sciences Library Text Book 13/02/2017 COMMERCIAL BOOK HOUSE 595.00 SGTU 45 346.066 FL1255 19/05/2025 20/04/2016 Books 12 2 02/05/2025
    Dewey Decimal Classification     LAW SGT Science & Social Sciences Library SGT Science & Social Sciences Library Text Book 13/02/2017 COMMERCIAL BOOK HOUSE 595.00 SGTU 45 346.066 FL1256 12/06/2023 20/04/2016 Books 13 3 31/05/2023